书目信息 |
| 题名: |
为人民服务
|
|
| 作者: | 毛泽东 著 ;解放军总政治部宣传部 编 | |
| 分册: | ||
| 出版信息: | 北京 解放军出版社 1966 |
|
| 页数: | 9页 | |
| 开本: | 19cm | |
| 丛书名: | ||
| 单 册: | ||
| 中图分类: | A841.6 | |
| 科图分类: | ||
| 主题词: | 革命故事--中国--现代--选集 , 毛泽东著作--学习 , 毛泽东著作研究 | |
| 电子资源: | ||
| ISBN: | ||
| 000 | 00760nnam 2200265 45 | |
| 001 | 0196001053 | |
| 005 | 20060726163242.42 | |
| 010 | @dCNY0.07 | |
| 100 | @a19950608d1966 y0chiy0121 ea | |
| 101 | 0 | @achi |
| 102 | @aCN@b110000 | |
| 105 | @af z 000zd | |
| 200 | 10 | @a为人民服务@AWEI REN MIN FU WU@f毛泽东著@Fmao ze dong zhu |
| 210 | @a北京@c解放军出版社@d1966 | |
| 215 | @a9页@d19cm | |
| 410 | 0 | @120010@a红星闪耀 |
| 540 | 1 | @a红军@AHONG JUN |
| 606 | @a革命故事@y中国@z现代@x选集 | |
| 606 | 0 | @a毛泽东著作@x学习 |
| 606 | 0 | @a毛泽东著作研究 |
| 690 | @aA841.6@v3 | |
| 701 | 0 | @a毛泽东@Amao ze dong@4著 |
| 711 | 02 | @a解放军总政治部宣传部@AJIE FANG JUN ZONG ZHENG ZHI BU XUAN CHUAN BU@4编 |
| 801 | 0 | @aCN@bTSSF@c20060726 |
| 905 | @a10447@dA841.6@e71 | |
| 为人民服务/毛泽东著.-北京:解放军出版社,1966 |
| 9页;19cm |
| ISBN :CNY0.07 |
| ● |
| 相关链接 |
|
|
|
|
正题名:为人民服务
索取号:A841.6/71
 
预约/预借
| 序号 | 登录号 | 条形码 | 馆藏地/架位号 | 状态 | 备注 |
| 1 | 0426737 | 204267373 | 密集书库/ [索取号:A841.6/71] | 在馆 | |
| 2 | 0426738 | 204267382 | 密集书库/ [索取号:A841.6/71] | 在馆 | |
| 3 | 0426739 | 204267391 | 密集书库/ [索取号:A841.6/71] | 在馆 |